Statistics for Countries Closest to Europe A-Z

Click here to take the quiz!

General Stats

  • This quiz has been taken 580 times
    (561 since last reset)
  • The average score is 19 of 24

Answer Stats

LetterCountry% Correct
TTunisia
Turkey
96%
QQatar
94%
OOman
93%
YYemen
93%
EEgypt
92%
JJordan
91%
RRep of Congo
Russia
91%
MMorocco
89%
ZZambia
89%
LLibya
88%
AAzerbaijan
84%
KKyrgyzstan
Kazakhstan
84%
SSyria
82%
UUzbekistan
82%
IIran
81%
GGeorgia
79%
CCyprus
73%
PPalestine
71%
NNiger
70%
VVietnam
70%
DDjibouti
68%
HHaiti
65%
BBahrain
55%
FFed St Micronesia
41%

Score Distribution

Percentile by Number Answered

Percent of People with Each Score

Your Score History

You have not taken this quiz since the last reset